00432nam a2200157Ia 4500008004100000020001800041041000800059082001600067100001700083245004100100260006100141300000900202500000900211650002700220700002700247220803s9999 xx 000 0 und d a81-7305-323-5 aeng a712 MAL/GOK aMalhotra K C aSacred Groves In India : An Overview aBhopalbIndira Gandhi Rashtriya Manav Sangrahalayac2007 a170p aBCUD aLandscape Architecture aGokhale Y Malhotra K C